Como vender sus ideas, productos y servicios
Saved in:
| Hovedforfatter: | |
|---|---|
| Format: | Bog |
| Sprog: | spansk |
| Udgivet: |
Madrid
Editorial Paraninfo
1991
|
| Udgivelse: | 1a. ed |
| Serier: | Colección Exito
|
| Fag: | |
| Tags: |
Tilføj Tag
Ingen Tags, Vær først til at tagge denne postø!
|
MARC
| LEADER | 00000cam a2200000 a 4500 | ||
|---|---|---|---|
| 001 | UCD9102 | ||
| 003 | CL-VaPUC | ||
| 008 | 170602e19910000sp |||||||||||||||||spa|d | ||
| 020 | |a 8428319154 | ||
| 082 | 0 | 4 | |a 659.1 |b WIL |2 21 |
| 100 | 0 | |a Wilder, Claudyne |e author |9 592781 | |
| 245 | 1 | 0 | |a Como vender sus ideas, productos y servicios |
| 250 | |a 1a. ed | ||
| 300 | |a 310 p | ||
| 942 | |c BK | ||
| 945 | |d 20170602 23:29:00 |a arojas | ||
| 260 | |a Madrid |b Editorial Paraninfo |c 1991 | ||
| 650 | 0 | |a Ventas |9 259323 | |
| 650 | 7 | |a MERCADEO |2 CL-VaPUC |9 261154 | |
| 650 | 0 | |a Comercio |9 255341 | |
| 650 | 7 | |a TEORIA DEL MERCADO |2 CL-VaPUC |9 261155 | |
| 583 | |a last modification |c 20170602 23:29:00 |k Rodrigo Vera | ||
| 490 | 0 | |a Colección Exito | |
| 999 | |c 368385 |d 368383 | ||